| 000 | 00379nam a22001337a 4500 | ||
|---|---|---|---|
| 020 | _a9781119979555 | ||
| 082 | _a537.5344 DUN | ||
| 100 | _aDunsmore, Joel P. | ||
| 245 | _aHandbook of microwave component measurements : with advanced VNA techniques | ||
| 260 |
_aNew York _bJohn Wiley _c2012 |
||
| 300 |
_axxi, 611p. : _e24 cm |
||
| 650 | _aMicrowave devices--Testing | ||
| 942 | _cBK | ||
| 999 |
_c12188 _d12188 |
||